000 00351 a2200157 4500
001 70937
020 _a978856280373
040 _cAnchieta - Itaigara
100 _aAnderson, Judith
240 1 0 _aEra uma vez uma largata
_lpor
245 1 0 _aEra uma vez uma largata
300 _a32
362 0 _a2010
650 4 _aLiteratura infantil
942 _cBK
999 _c70937
_d70937